|
|
|
|
| LEADER |
00000nam a22000007a 4500 |
| 005 |
2016051001201.0 |
| 007 |
cr|||| ||u| |
| 008 |
160510s2016 sp ||||| |||| 00||0 spa d |
| 020 |
|
|
|a 978-84-7351-509-2
|
| 035 |
|
|
|a 14205
|
| 040 |
|
|
|a vLex
|
| 090 |
|
|
|c 6070
|d 6070
|
| 100 |
1 |
|
|a Crespo Gonzl̀ez, Jorge
|
| 245 |
1 |
0 |
|a Crisis y reinvencin̤ de la funcin̤ pb︢lica en un escenario de gobernanza multinivel
|h [Recurso electrn̤ico] /
|c Jorge Crespo Gonzl̀ez
|
| 256 |
|
|
|a Servicio en ln̕ea
|
| 260 |
|
|
|a Espaą
|b Instituto Nacional de Administracin̤ Pb︢lica (INAP)
|c 2016
|
| 300 |
|
|
|a 1 recurso electrn̤ico
|
| 506 |
1 |
|
|a Contenido solo disponible en los productos indicados
|d vLex Global
|d vLex Global (Academic Edition, excluding Law Schools)
|d vLex Global (U.S. Academic Edition, Law Schools)
|d vLex Global (U.S. Academic Edition, excluding Law Schools)
|d vLex Global (Academic Edition, Law Schools)
|
| 650 |
0 |
4 |
|a Derecho
|z Espaą
|
| 740 |
0 |
|
|a vLex libros (servicio en ln̕ea)
|
| 856 |
4 |
0 |
|u http://vlex.com/source/crisis-y-reinvencion-de-la-funcion-publica-en-un-escenario-de-gobernanza-multinivel-14205
|z Acceso restringido
|
| 942 |
|
|
|c BOOK
|
| 999 |
0 |
|
|a Law
|b Spain
|